| 000 | 004490000a22001810004500 | ||
|---|---|---|---|
| 003 | MACL | ||
| 005 | 20150711132502.0 | ||
| 008 | 150711b xxu||||| |||| 00| 0 eng d | ||
| 040 |
_aMACL _cMACL |
||
| 041 | _aEnglish | ||
| 082 | _a320/MIS | ||
| 100 |
_aMisra, B B _91729 |
||
| 245 | _aThe Indian Political Parties | ||
| 260 |
_bOxford University Press _c1976 _aNew Delhi |
||
| 350 | _a110 | ||
| 650 |
_aPolitical Science _988 |
||
| 942 |
_cBK _k320 _2ddc |
||
| 999 |
_c6855 _d6855 |
||